Pliego de condiciones económicas que acompañan al proyecto de reforma de Barcelona expuesto en el gobierno civil de la provincia (sección de fomento) y recurso elevado contra dicho proyecto por la Asociación de Propietarios de Fincas Urbanas de Barcelona y su zona de ensanche. (Record no. 172926)

MARC details
000 -LEADER
campo de control de longitud fija 00704nam a22001455i 4500
001 - NÚMERO DE CONTROL
campo de control 172926
003 - IDENTIFICADOR DE NÚMERO DE CONTROL
campo de control ES-MaACL
005 - FECHA Y HORA DE LA ÚLTIMA TRANSACCIÓN
campo de control 20230906215058.0
008 - DATOS DE LONGITUD FIJA--INFORMACIÓN GENERAL
campo de control de longitud fija 090916s1881 sp |||| | spa d
245 00 - MENCIÓN DEL TÍTULO
Título Pliego de condiciones económicas que acompañan al proyecto de reforma de Barcelona expuesto en el gobierno civil de la provincia (sección de fomento) y recurso elevado contra dicho proyecto por la Asociación de Propietarios de Fincas Urbanas de Barcelona y su zona de ensanche.
260 ## - PUBLICACIÓN, DISTRIBUCIÓN, ETC.
Lugar de publicación, distribución, etc. Barcelona :
Nombre del editor, distribuidor, etc. [s.n.],
Fecha de publicación, distribución, etc. 1881 (
Fabricante Est. tip. Olivares)
300 ## - DESCRIPCIÓN FÍSICA
Extensión 32 p. ;
Dimensiones 25 cm.
710 2# - ENTRADA AGREGADA--NOMBRE DE ENTIDAD CORPORATIVA
Nombre de entidad corporativa o nombre de jurisdicción como elemento de entrada Asociación de Fincas Urbanas de Barcelona y su zona de ensanche.
9 (RLIN) 141386
852 ## - LOCALIZACIÓN
Ubicación ES-MaACL
Número de control de estantería T-385-F-9
Holdings
Estatus retirado Estado de pérdida Estado de daño No para préstamo Colección Biblioteca de origen Biblioteca actual Ubicación en estantería Fecha de adquisición Fuente de adquisición Total de préstamos Signatura topográfica completa Código de barras Visto por última vez Precio de reemplazo Tipo de ítem Koha
        Colección de folletos Biblioteca del Ateneo de Madrid Biblioteca del Ateneo de Madrid Depósito folletos 16/09/2009     T-385-F-9 1181454 23/02/2023 23/02/2023 Folleto